000 00858nam a2200205Ia 4500
003 GCL
008 140319s9999 xx 000 0 ara d
040 _aGCL /
_cGCL
082 0 4 _a910.09
_bم ا
100 1 _aالمقدسى : شمس الدين ابو عبدالله محمد بن احمد بن ابى بكر البنا الحنفى
245 1 0 _aاحسن التقاسيم فى معرفة الاقاليم /
_cالمقدسى : شمس الدين ابو عبدالله محمد بن احمد بن ابى بكر البنا الحنفى
260 _aالقاهرة :
_bمكتبة مدبولى ،
_c1991
300 _aمتعدد ؛
_c24 سم
490 _a
650 0 4 _aالجغرافيا التاريخية
650 0 4 _aالرحالة العرب
650 0 4 _aالعلوم عند العرب
650 0 4 _aالعرب والبحار
942 _2ddc
_cBK
999 _c37256
_d37256